Cinéma en images par lettres - F - Statistiques

Statistiques générales
  • Ce quiz a été pris 393 fois
  • Le résultat moyen est 14 sur 24
Statistiques - réponses
Par images Hint Réponse % Correct
Film Forrest Gump
98%
Franchise Fast and Furious
91%
Personnage Fiona
91%
Acteur Morgan Freeman
90%
Acteur Harrison Ford
87%
Personnage Frodon
85%
Film Le Fabuleux Destin d'Amélie Poulain
83%
Film La Famille Bélier
81%
Film Fantasia
80%
Personnage Fantomas
78%
Acteur Fernandel
70%
Erreur Faux raccord
66%
Actrice Marine Foïs
61%
Métier Figurant
60%
Acteur Jamie Foxx
55%
Technique Fondu
54%
Actrice Jodie Foster
51%
Film Fenêtre sur cour
40%
Film La Forme de l'eau
37%
Actrice Brigitte Fossey
19%
Réalisateur David Fincher
17%
Réalisateur Federico Fellini
15%
École FEMIS
14%
Film Fahrenheit 451
7%
Aucun quiz correspondant
Distribution des résultats
% des personnes avec chaque résultat
Percentile par nombre de réponses
Votre historique - résultats
Vous n’avez pas pris ce quiz